000
00280nam a2200109Ia 4500
008
200302s9999 xx 000 0 und d
100
_a
James C. Snyder & Other
245
_a
Introduction to Architecture
260
_b
Tata Mcgraw-Hill Publishing Co.
260
_c
1979
300
_a
450 P.,
999
_c
65
_d
65